| 000 | 00416nam a22001457a 4500 | ||
|---|---|---|---|
| 003 | MACL | ||
| 005 | 20191114155416.0 | ||
| 008 | 191114b xxu||||| |||| 00| 0 eng d | ||
| 040 | _cMACL | ||
| 100 |
_aSarkar ,Kalyan & Indrani _977104 |
||
| 245 | _aAn Introduction Quantitative Analysia in Geography And Geology | ||
| 260 |
_aKolkata _bPragatishil Prokashak _c2015 |
||
| 650 |
_aGeography _977105 |
||
| 942 |
_2ddc _cBK |
||
| 999 |
_c61286 _d61286 |
||